Alphabetically First Quiz Stats

 Plays Quiz Updated Apr 9, 2015

Also try: Two-Syllable Blitz
Challenge
Share
Tweet
Embed
Score 0/50 Timer 08:00
0 Plays Today
Hint Answer % Correct
Months of the YearApril
95.5%
US StatesAlabama
95.2%
Months of the YearAugust
94.3%
Months of the YearFebruary
92.7%
Months of the YearDecember
92.4%
US StatesAlaska
90.5%
Months of the YearJanuary
88.4%
US StatesArkansas
86.6%
US StatesArizona
82.1%
Ivy League UniversitiesHarvard University
74.2%
Zodiac SignsAries
71.8%
World Cup WinnersBrazil
71.1%
World Cup WinnersArgentina
71%
US StatesCalifornia
69.9%
Zodiac SignsCancer
69%
Ivy League UniversitiesBrown University
63.4%
Zodiac SignsCapricorn
63.1%
World Cup WinnersGermany
62.3%
Zodiac SignsAquarius
61.6%
World Cup WinnersFrance
58.8%
Countries of the WorldAlbania
57.7%
ElementsArgon
56.9%
Countries of the WorldAlgeria
53.6%
Olympic Host CitiesAtlanta
53.2%
Olympic Host CitiesAthens
52.4%
Hint Answer % Correct
Zodiac SignsGemini
52%
Tom Hanks MoviesBig
51.7%
Countries of the WorldAfghanistan
50.5%
Ivy League UniversitiesColumbia University
47.9%
ElementsAluminum
47.8%
Ivy League UniversitiesCornell University
46.7%
Ivy League UniversitiesDartmouth College
45.5%
Countries of the WorldAndorra
45.1%
World Cup WinnersEngland
44.3%
Countries of the WorldAngola
42.1%
Tom Hanks MoviesApollo 13
29.1%
Olympic Host CitiesAmsterdam
21.7%
ElementsAntimony
20.6%
ElementsAmericium
16.8%
Olympic Host CitiesAntwerp
16.3%
ElementsActinium
15.2%
Beatles US/UK #1 SinglesAll You Need Is Love
13.2%
Olympic Host CitiesAlbertville
11.8%
Beatles US/UK #1 SinglesA Hard Day's Night
10.7%
Tom Hanks MoviesBachelor Party
9.2%
Tom Hanks MoviesAngels and Demons
8.6%
Beatles US/UK #1 SinglesCan't Buy Me Love
5.6%
Beatles US/UK #1 SinglesGet Back
3.7%
Tom Hanks MoviesThe Bonfire of the Vanities
3.4%
Beatles US/UK #1 SinglesHello, Goodbye
3.2%

You're not logged in!

Compare scores with friends on all Sporcle quizzes.
Join for Free
OR
Log In

You Might Also Like...

Show Comments

Extras

Top Quizzes Today


Score Distribution

Your Account Isn't Verified!

In order to create a playlist on Sporcle, you need to verify the email address you used during registration. Go to your Sporcle Settings to finish the process.

Report this User

Report this user for behavior that violates our Community Guidelines.

Details: